[Event "Neumarkt am Wallersee op 09th"]
[Site "Neumarkt am Wallersee"]
[Date "2010.08.26"]
[Round "6"]
[White "Wimmer, Herbert1111"]
[Black "Pronold, Helmut"]
[Result "1/2-1/2"]
[WhiteElo "1954"]
[BlackElo "2117"]
[PlyCount "31"]
[EventDate "2010.08.21"]
[EventType "swiss"]
[EventRounds "9"]
[EventCountry "AUT"]
[SourceTitle "CBM 138 Extra"]
[Source "ChessBase"]
[SourceDate "2010.10.29"]
[SourceVersion "1"]
[SourceVersionDate "2010.10.29"]
[SourceQuality "1"]

1. d4 d5 2. c4 c6 3. Nc3 e6 4. Nf3 Nf6 5. Bg5 Be7 6. e3 Nbd7 7. Bd3 h6 8. Bf4 Nh5 9. Bg3 Nxg3 10. hxg3 Bf6 11. 0-0 Nb6 12. cxd5 exd5 13. Rc1 0-0 14. b4 a6 15. a4 Bd7 16. a5 1/2-1/2

[Event "Neumarkt am Wallersee op 09th"]
[Site "Neumarkt am Wallersee"]
[Date "2010.08.22"]
[Round "2"]
[White "Pronold, Helmut"]
[Black "Hessenberger, Andreas"]
[Result "0-1"]
[WhiteElo "2117"]
[BlackElo "1951"]
[PlyCount "52"]
[EventDate "2010.08.21"]
[EventType "swiss"]
[EventRounds "9"]
[EventCountry "AUT"]
[SourceTitle "CBM 138 Extra"]
[Source "ChessBase"]
[SourceDate "2010.10.29"]
[SourceVersion "1"]
[SourceVersionDate "2010.10.29"]
[SourceQuality "1"]

1. Nf3 d5 2. c4 e6 3. Qc2 Nf6 4. d3 Be7 5. g3 Nc6 6. a3 0-0 7. Bg2 d4 8. 0-0 e5 9. b4 Nd7 10. e3 Bf6 11. b5 Ne7 12. exd4 exd4 13. Bb2 Nc5 14. h3 Bf5 15. Rd1 Re8 16. g4 Be4 17. Qe2 Bxf3 18. Qxf3 Ng6 19. Bf1 Nh4 20. Qh1 Bg5 21. a4 Qf6 22. Qd5 b6 23. Bg2 Rad8 24. Qc6 Re6 25. Qxc7 Bf4 26. Qxa7 Bb8 0-1

[Event "Bayern-chI Bank Hofmann 5th"]
[Site "Bad Wiessee"]
[Date "2001.11.01"]
[Round "6"]
[White "Braun, Peter"]
[Black "Pronold, Helmut"]
[Result "1-0"]
[WhiteElo "2269"]
[BlackElo "2137"]
[PlyCount "65"]
[EventDate "2001.10.27"]
[EventType "swiss"]
[EventRounds "9"]
[EventCountry "GER"]
[SourceTitle "EXT 2003"]
[Source "ChessBase"]
[SourceDate "2002.11.25"]
[SourceVersion "1"]
[SourceVersionDate "2002.11.25"]
[SourceQuality "1"]

1. d4 d5 2. c4 Bf5 3. Nf3 e6 4. Nc3 Nc6 5. Bf4 Nf6 6. e3 Bb4 7. a3 Bxc3+ 8. bxc3 dxc4 9. Bxc4 Nd5 10. Bg3 0-0 11. Qd2 Nf6 12. Bd3 Na5 13. Qc2 Bxd3 14. Qxd3 Rc8 15. Bh4 Qd5 16. Bxf6 gxf6 17. 0-0 c5 18. e4 Qc4 19. Qe3 cxd4 20. cxd4 Qc6 21. Rfe1 Nc4 22. Qh6 Nd6 23. e5 Nf5 24. Qxf6 Qc2 25. h3 Rc3 26. Ng5 Nxd4 27. Re4 Rc4 28. Qh6 Qxe4 29. Nxe4 Ne2+ 30. Kh2 Rxe4 31. Qg5+ Kh8 32. Qf6+ Kg8 33. Qf3 1-0

[Event "Linz op 10th"]
[Site "Linz"]
[Date "1999.??.??"]
[Round "?"]
[White "Pronold, Helmut"]
[Black "Brumen, Dinko"]
[Result "0-1"]
[WhiteElo "2152"]
[BlackElo "2309"]
[PlyCount "112"]
[EventDate "1999.??.??"]
[EventType "swiss"]
[EventRounds "9"]
[EventCountry "AUT"]
[SourceTitle "EXT 2002"]
[Source "ChessBase"]
[SourceDate "2001.11.25"]
[SourceVersion "1"]
[SourceVersionDate "2001.11.25"]
[SourceQuality "1"]

1. Nf3 d5 2. c4 e6 3. g3 Nf6 4. Bg2 Be7 5. 0-0 0-0 6. d3 b6 7. Nc3 Bb7 8. Ne1 c5 9. Bg5 h6 10. Bf4 Nc6 11. cxd5 exd5 12. Nc2 d4 13. Nb5 a6 14. Nba3 Nd5 15. Bd2 b5 16. e4 Nb6 17. b3 Rc8 18. Rb1 b4 19. Nc4 Nxc4 20. bxc4 a5 21. Ne1 Ra8 22. f4 a4 23. e5 Na5 24. Bxb7 Nxb7 25. Qf3 Na5 26. h4 f5 27. exf6 Bxf6 28. Qh5 Rc8 29. Nf3 Qe8 30. Qd5+ Qf7 31. Qxf7+ Rxf7 32. g4 Nc6 33. Rfe1 Re7 34. g5 hxg5 35. fxg5 Rxe1+ 36. Rxe1 Be7 37. h5 a3 38. Nh4 b3 39. axb3 Rb8 40. Nf5 Bf8 41. Rb1 Ne5 42. Bf4 Re8 43. Ra1 Nxd3 44. Bg3 Ra8 45. Bd6 Bxd6 46. Nxd6 a2 47. h6 gxh6 48. gxh6 Kh7 49. Ne4 Kxh6 50. Kf1 Re8 51. Ke2 Rxe4+ 52. Kxd3 Re3+ 53. Kc2 Re2+ 54. Kd3 Rb2 55. Ke4 Kg5 56. b4 cxb4 0-1

[Event "Linz op 10th"]
[Site "Linz"]
[Date "1999.??.??"]
[Round "?"]
[White "Wiesend, Bruno"]
[Black "Pronold, Helmut"]
[Result "1/2-1/2"]
[WhiteElo "2185"]
[BlackElo "2152"]
[PlyCount "26"]
[EventDate "1999.??.??"]
[EventType "swiss"]
[EventRounds "9"]
[EventCountry "AUT"]
[SourceTitle "EXT 2002"]
[Source "ChessBase"]
[SourceDate "2001.11.25"]
[SourceVersion "1"]
[SourceVersionDate "2001.11.25"]
[SourceQuality "1"]

1. e4 c6 2. d4 d5 3. e5 c5 4. dxc5 e6 5. Be3 Ne7 6. Nf3 Nd7 7. Bb5 Qa5+ 8. Nc3 Nc6 9. Bxc6 bxc6 10. 0-0 Bxc5 11. Bxc5 Qxc5 12. Na4 Qa5 13. c3 Ba6 1/2-1/2

[Event "Feffernitz Raika op 07th"]
[Site "Feffernitz"]
[Date "1998.08.23"]
[Round "?"]
[White "Pronold, Helmut"]
[Black "Arztmann, Wolfgang"]
[Result "0-1"]
[WhiteElo "2150"]
[BlackElo "2024"]
[PlyCount "110"]
[EventDate "1998.08.??"]
[EventType "swiss"]
[EventRounds "9"]
[EventCountry "AUT"]
[SourceTitle "EXT 2004"]
[Source "ChessBase"]
[SourceDate "2003.11.25"]
[SourceVersion "1"]
[SourceVersionDate "2003.11.25"]
[SourceQuality "1"]

1. Nf3 e6 2. c4 f5 3. d4 Nf6 4. d5 Bb4+ 5. Bd2 Qe7 6. Nc3 e5 7. e3 0-0 8. Be2 d6 9. 0-0 Nbd7 10. Nb5 Bxd2 11. Qxd2 Nc5 12. b4 Nce4 13. Qc2 c6 14. dxc6 bxc6 15. Nc3 Be6 16. a4 g5 17. Nxe4 Nxe4 18. c5 g4 19. cxd6 Qxd6 20. Rfd1 Bd5 21. Ne1 Qxb4 22. f3 Nc3 23. Nd3 Nxe2+ 24. Qxe2 Qc4 25. Qb2 gxf3 26. gxf3 Rab8 27. Qxe5 Rb7 28. Rd2 Bxf3 29. Kf2 Rg7 30. Nf4 Qe4 31. Qc5 Re8 32. Re1 Bg4 33. Kg3 Qf3+ 34. Kh4 Bh3 35. Qc4+ Kh8 36. Rg2 Rg4+ 37. Kh5 Rxg2+ 38. Kh6 Qg4 39. Qd4+ Qg7+ 40. Qxg7+ Rxg7 41. Nxh3 Re6+ 42. Kh5 Rge7 43. Nf4 Rxe3 44. Rc1 R3e4 45. Kg5 Rg7+ 46. Kxf5 Rxa4 47. Ne6 Ra5+ 48. Kf6 Rg6+ 49. Kf7 Rf5+ 50. Ke7 Re5 51. Rxc6 Rgxe6+ 52. Rxe6 Rxe6+ 53. Kxe6 Kg7 54. Kd6 Kg6 55. Kc6 Kg5 0-1

[Event "Feffernitz Raika op 07th"]
[Site "Feffernitz"]
[Date "1998.08.20"]
[Round "?"]
[White "Pronold, Helmut"]
[Black "Wiesbeck, Florian"]
[Result "1-0"]
[WhiteElo "2150"]
[BlackElo "1854"]
[PlyCount "99"]
[EventDate "1998.08.??"]
[EventType "swiss"]
[EventRounds "9"]
[EventCountry "AUT"]
[SourceTitle "EXT 2004"]
[Source "ChessBase"]
[SourceDate "2003.11.25"]
[SourceVersion "1"]
[SourceVersionDate "2003.11.25"]
[SourceQuality "1"]

1. Nf3 c5 2. d4 cxd4 3. Nxd4 e6 4. g3 g6 5. Bg2 Bg7 6. 0-0 a6 7. c4 Ne7 8. Nc3 0-0 9. e4 d6 10. Be3 Nd7 11. Rc1 Rb8 12. f4 Nb6 13. Qb3 Na8 14. Rfd1 Bd7 15. Nf3 Qc7 16. Qb4 Nc8 17. c5 dxc5 18. Bxc5 Rd8 19. e5 Bc6 20. Rxd8+ Qxd8 21. Ne4 Nab6 22. Nd4 Bxe4 23. Bxe4 Nd5 24. Qb3 Ncb6 25. Bd6 Rc8 26. Rd1 Bf8 27. Bxf8 Kxf8 28. a4 Qd7 29. a5 Nc4 30. Nf3 b5 31. axb6 Ncxb6 32. Ng5 Kg8 33. h4 Qb5 34. Qxb5 axb5 35. h5 Kg7 36. Kf2 Rc5 37. h6+ Kg8 38. Ra1 Rc8 39. Ra5 b4 40. Bd3 Rf8 41. Ra7 Nc8 42. Rb7 Nce7 43. Kf3 Nc6 44. Ke4 Nce7 45. g4 Kh8 46. Bc4 f5+ 47. gxf5 gxf5+ 48. Kf3 Nxf4 49. Rxe7 Nh5 50. Rxh7+ 1-0

[Event "Feffernitz Raika op 07th"]
[Site "Feffernitz"]
[Date "1998.08.18"]
[Round "?"]
[White "Sereinig, Eduard"]
[Black "Pronold, Helmut"]
[Result "1-0"]
[WhiteElo "2210"]
[BlackElo "2150"]
[PlyCount "75"]
[EventDate "1998.08.??"]
[EventType "swiss"]
[EventRounds "9"]
[EventCountry "AUT"]
[SourceTitle "EXT 2004"]
[Source "ChessBase"]
[SourceDate "2003.11.25"]
[SourceVersion "1"]
[SourceVersionDate "2003.11.25"]
[SourceQuality "1"]

1. Nf3 Nf6 2. g3 g6 3. Bg2 Bg7 4. 0-0 0-0 5. Nc3 c5 6. d3 Nc6 7. e4 d6 8. Ng5 h6 9. Nh3 Bg4 10. f3 Bxh3 11. Bxh3 Rb8 12. f4 b5 13. Bg2 e5 14. f5 Ne7 15. g4 b4 16. Nd5 Nexd5 17. exd5 g5 18. h4 Nh7 19. f6 Bxf6 20. Be4 gxh4 21. Qf3 Bg7 22. Qf5 Nf6 23. g5 Nxe4 24. gxh6 Qf6 25. Qxe4 Qg6+ 26. Qxg6 fxg6 27. hxg7 Rxf1+ 28. Kxf1 Kxg7 29. Bg5 Rf8+ 30. Kg1 Rf5 31. Bxh4 Rf4 32. Be7 Rd4 33. Bxd6 Rxd5 34. Bb8 a6 35. Rf1 a5 36. b3 Kh6 37. Kg2 Kg5 38. Kg3 1-0

[Event "Finkenstein op"]
[Site "Finkenstein"]
[Date "1995.??.??"]
[Round "9"]
[White "Pronold, Helmut"]
[Black "Kolar, Srecko"]
[Result "0-1"]
[WhiteElo "2155"]
[BlackElo "2230"]
[PlyCount "82"]
[EventDate "1995.??.??"]
[EventType "swiss"]
[EventRounds "9"]
[EventCountry "AUT"]
[SourceTitle "EXT 1997"]
[Source "ChessBase"]
[SourceDate "1996.11.15"]
[SourceVersion "1"]
[SourceVersionDate "1996.11.15"]
[SourceQuality "1"]

1. Nf3 g6 2. d4 Bg7 3. e4 d6 4. Bc4 c6 5. Nc3 Nf6 6. d5 0-0 7. 0-0 Nbd7 8. a4 Nb6 9. Bb3 Bg4 10. h3 Bxf3 11. Qxf3 a5 12. dxc6 bxc6 13. e5 dxe5 14. Qxc6 Qb8 15. Be3 Nbd7 16. Rfd1 Rc8 17. Qf3 e6 18. Nb5 Nb6 19. Bxb6 Qxb6 20. Rd6 Qc5 21. Rad1 Rab8 22. Qe2 h5 23. R6d3 Qb4 24. Nd6 Rd8 25. Nb5 Rxd3 26. Rxd3 Qf4 27. Qe1 e4 28. Rd4 Bf8 29. Nc3 Qe5 30. Rc4 Bd6 31. g3 Rb4 32. Rc8+ Kg7 33. Qe3 h4 34. g4 Qh2+ 35. Kf1 Bf4 36. Qa7 Qxh3+ 37. Ke1 Qh1+ 38. Ke2 Qf3+ 39. Ke1 e3 40. Nd1 exf2+ 41. Nxf2 Be3 0-1

[Event "Finkenstein op"]
[Site "Finkenstein"]
[Date "1995.??.??"]
[Round "4"]
[White "Wimmer, Alfred"]
[Black "Pronold, Helmut"]
[Result "0-1"]
[WhiteElo "1930"]
[BlackElo "2165"]
[PlyCount "96"]
[EventDate "1995.??.??"]
[EventType "swiss"]
[EventRounds "9"]
[EventCountry "AUT"]
[SourceTitle "EXT 1997"]
[Source "ChessBase"]
[SourceDate "1996.11.15"]
[SourceVersion "1"]
[SourceVersionDate "1996.11.15"]
[SourceQuality "1"]

1. g3 d5 2. f4 Nf6 3. Bg2 g6 4. d3 Bg7 5. Nf3 c5 6. 0-0 0-0 7. Nc3 Nc6 8. Ne5 e6 9. Nxc6 bxc6 10. e4 Rb8 11. Kh1 h5 12. h3 Kh7 13. Na4 Qa5 14. c4 Rb4 15. b3 Rxa4 16. bxa4 Nxe4 17. dxe4 Bxa1 18. g4 hxg4 19. Qxg4 dxe4 20. Bxe4 f5 21. Qh4+ Kg7 22. Bxc6 Qc7 23. Bg2 Rh8 24. Qf2 Bd4 25. Bb2 Rd8 26. Rd1 Qb6 27. a5 Qd6 28. Bxd4+ cxd4 29. Rc1 Qa3 30. Qd2 Qc5 31. a3 Ba6 32. Qb4 Qc7 33. Re1 Rb8 34. Qd2 Qd7 35. c5 Bb7 36. Qe2 Kf7 37. a6 Bd5 38. Kh2 Rb3 39. Qe5 Rb2 40. Re2 Rxe2 41. Qxe2 Qc7 42. Bxd5 Qxf4+ 43. Kg2 exd5 44. c6 Qc7 45. Qb5 Ke6 46. Qc5 d3 47. Kf2 Qh2+ 48. Kf1 Qe2+ 0-1

[Event "Bled op 15th"]
[Site "Bled"]
[Date "1994.??.??"]
[Round "?"]
[White "Pronold, Helmut"]
[Black "Lazarev, Vladimir"]
[Result "0-1"]
[WhiteElo "2215"]
[BlackElo "2445"]
[PlyCount "50"]
[EventDate "1994.03.??"]
[EventType "swiss"]
[EventRounds "9"]
[EventCountry "SLO"]
[SourceTitle "TD"]
[Source "ChessBase"]
[SourceDate "1994.03.01"]
[SourceVersion "1"]
[SourceVersionDate "1994.03.01"]
[SourceQuality "1"]

1. Nf3 d5 2. c4 d4 3. b4 f6 4. d3 e5 5. Qb3 a5 6. b5 Nd7 7. g3 b6 8. Bg2 Bb7 9. 0-0 Bd6 10. Ba3 Ne7 11. Nbd2 a4 12. Qb2 Bxa3 13. Qxa3 Nc5 14. Ne1 Bxg2 15. Kxg2 f5 16. Rd1 0-0 17. e3 Ng6 18. Ndf3 dxe3 19. fxe3 e4 20. Nd4 Qg5 21. Qc1 Ne5 22. h4 Qg6 23. Nc6 Nxc6 24. bxc6 exd3 25. Nxd3 Nxd3 0-1

[Event "Donau op 02nd"]
[Site "Aschach"]
[Date "1993.??.??"]
[Round "?"]
[White "Polak, Tomas"]
[Black "Pronold, Helmut"]
[Result "1-0"]
[WhiteElo "2410"]
[BlackElo "2215"]
[PlyCount "37"]
[EventDate "1993.12.??"]
[EventType "swiss"]
[EventRounds "9"]
[EventCountry "AUT"]
[SourceTitle "EXT 1997"]
[Source "ChessBase"]
[SourceDate "1996.11.15"]
[SourceVersion "1"]
[SourceVersionDate "1996.11.15"]
[SourceQuality "1"]

1. e4 c6 2. d4 d5 3. Nd2 dxe4 4. Nxe4 Nf6 5. Nxf6+ gxf6 6. c3 Bf5 7. Bd3 Qd5 8. Bxf5 Qxf5 9. Ne2 Nd7 10. Bf4 e5 11. Be3 h5 12. Ng3 Qe6 13. Nxh5 Qd5 14. Qg4 0-0-0 15. Nxf6 Qb5 16. 0-0-0 Kc7 17. Nxd7 Rxd7 18. dxe5 Re7 19. Qd4 1-0

[Event "Munich op 9192"]
[Site "Munich"]
[Date "1992.??.??"]
[Round "9"]
[White "Lochte, Thomas"]
[Black "Pronold, Helmut"]
[Result "0-1"]
[WhiteElo "2245"]
[BlackElo "2315"]
[PlyCount "133"]
[EventDate "1992.01.??"]
[EventType "swiss"]
[EventRounds "9"]
[EventCountry "GER"]
[SourceTitle "TD"]
[Source "ChessBase"]
[SourceDate "1994.03.01"]
[SourceVersion "1"]
[SourceVersionDate "1994.03.01"]
[SourceQuality "1"]

1. e4 c6 2. d4 d5 3. e5 c5 4. c3 Nc6 5. Nf3 cxd4 6. cxd4 Bg4 7. Be2 Bxf3 8. Bxf3 e6 9. 0-0 Qb6 10. Be3 Nge7 11. Nc3 Nf5 12. Na4 Qc7 13. Rc1 Be7 14. Qd3 0-0 15. Nc3 Nh4 16. Bg4 Qd7 17. g3 Ng6 18. f4 Qd8 19. f5 exf5 20. Rxf5 Nb4 21. Qe2 Re8 22. a3 Nc6 23. Qf3 Qb6 24. Nxd5 Qxb2 25. Rd1 Bd8 26. Qe4 Qxa3 27. Rh5 Bb6 28. Bd7 Rf8 29. e6 f5 30. Rxf5 Rxf5 31. Qxf5 Rf8 32. Qe4 Nce7 33. Nxb6 axb6 34. d5 Nf5 35. Bxb6 Nxg3 36. hxg3 Qxg3+ 37. Qg2 Qb3 38. Rf1 Qxb6+ 39. Kh1 Qd6 40. Rxf8+ Qxf8 41. Qg3 Qf1+ 42. Kh2 Qe2+ 43. Kg1 Qd1+ 44. Kf2 Qd4+ 45. Ke2 Qc4+ 46. Ke1 Qe4+ 47. Kf1 Nf4 48. Be8 Kf8 49. Bh5 g5 50. Qa3+ Kg7 51. e7 Qh1+ 52. Kf2 Qxh5 53. Qc3+ Kf7 54. e8Q+ Kxe8 55. Qc8+ Ke7 56. Qxb7+ Kf6 57. Qc6+ Ke5 58. Qc7+ Kf5 59. Qc8+ Ke5 60. Qc7+ Kxd5 61. Qd7+ Ke5 62. Qc7+ Kf5 63. Qc2+ Kg4 64. Qd1+ Kh4 65. Qh1+ Nh3+ 66. Ke3 Qe8+ 67. Qe4+ 0-1

[Event "Finkenstein op"]
[Site "Finkenstein"]
[Date "1992.??.??"]
[Round "?"]
[White "Niedermayr, Horst"]
[Black "Pronold, Helmut"]
[Result "1/2-1/2"]
[WhiteElo "2250"]
[BlackElo "2220"]
[PlyCount "115"]
[EventDate "1992.??.??"]
[EventType "swiss"]
[EventRounds "9"]
[EventCountry "AUT"]
[SourceTitle "EXT 1997"]
[Source "ChessBase"]
[SourceDate "1996.11.15"]
[SourceVersion "1"]
[SourceVersionDate "1996.11.15"]
[SourceQuality "1"]

1. e4 c6 2. d3 d5 3. Nd2 g6 4. g3 Bg7 5. Bg2 h5 6. Ngf3 Nf6 7. 0-0 Na6 8. Re1 Nc7 9. exd5 cxd5 10. Nb3 Bg4 11. h3 Bxf3 12. Qxf3 Qc8 13. Bd2 Ne6 14. c4 dxc4 15. dxc4 Qxc4 16. Qxb7 0-0 17. Qb4 Rac8 18. Rac1 Qxb4 19. Bxb4 h4 20. Bxe7 Rxc1 21. Rxc1 Re8 22. Bd6 Nh5 23. Bc6 Rc8 24. Bb7 Rxc1+ 25. Nxc1 hxg3 26. fxg3 Bxb2 27. Nb3 Nd4 28. Nxd4 Bxd4+ 29. Kg2 Ng7 30. g4 Ne8 31. Bb4 g5 32. Bd2 f6 33. Bd5+ Kf8 34. Bb4+ Kg7 35. Kf3 Kg6 36. Ke4 Bg1 37. a4 Ng7 38. Bg8 Ne8 39. Bc4 Nc7 40. a5 Bf2 41. Bd6 Ne8 42. Bb8 Be1 43. a6 Bf2 44. Bb5 Ng7 45. Bd7 Kf7 46. Kd5 Ke7 47. Kc6 Be3 48. Bd6+ Kd8 49. Bb4 Bd4 50. Ba5+ Ke7 51. Bb4+ Kd8 52. Bd6 Ne8 53. Bb8 Ke7 54. Bf5 Kd8 55. Kb7 Bc5 56. Kc6 Bb6 57. Bg3 Nc7 58. Bxc7+ 1/2-1/2

[Event "Werfen op-A"]
[Site "Werfen"]
[Date "1992.??.??"]
[Round "4"]
[White "Reiter, Marcus"]
[Black "Pronold, Helmut"]
[Result "1-0"]
[WhiteElo "2305"]
[BlackElo "2315"]
[PlyCount "75"]
[EventDate "1992.08.??"]
[EventType "swiss"]
[EventRounds "9"]
[EventCountry "AUT"]
[SourceTitle "EXT 1997"]
[Source "ChessBase"]
[SourceDate "1996.11.15"]
[SourceVersion "1"]
[SourceVersionDate "1996.11.15"]
[SourceQuality "1"]

1. e4 e6 2. d4 d5 3. Nd2 c5 4. exd5 exd5 5. Ngf3 c4 6. c3 Nf6 7. Ne5 Bd6 8. f4 0-0 9. Be2 Nc6 10. 0-0 Qc7 11. b3 cxb3 12. axb3 Be6 13. Bb2 Ne7 14. Bd3 Bf5 15. Qc2 g6 16. Rae1 Rac8 17. Bxf5 Nxf5 18. Qd3 Rfe8 19. Kh1 Ng7 20. Qh3 Rcd8 21. Ndf3 Nfh5 22. g3 Qc8 23. Qg2 Nf6 24. Ng5 Re7 25. c4 h6 26. Ngf3 Bb4 27. Rc1 Rc7 28. Nh4 Nf5 29. Nxf5 Qxf5 30. cxd5 Rxc1 31. Rxc1 Nxd5 32. Qe2 Re8 33. Qb5 Qe4+ 34. Kg1 Rd8 35. Qxb7 Qe3+ 36. Kf1 Ne7 37. Qxb4 Nf5 38. Qc3 1-0

[Event "Werfen op-A"]
[Site "Werfen"]
[Date "1991.??.??"]
[Round "9"]
[White "Pronold, Helmut"]
[Black "Holzbauer, Johannes"]
[Result "0-1"]
[WhiteElo "2315"]
[BlackElo "2025"]
[PlyCount "74"]
[EventDate "1991.08.??"]
[EventType "swiss"]
[EventRounds "9"]
[EventCountry "AUT"]
[SourceTitle "TD"]
[Source "ChessBase"]
[SourceDate "1994.03.01"]
[SourceVersion "1"]
[SourceVersionDate "1994.03.01"]
[SourceQuality "1"]

1. Nf3 d5 2. c4 c6 3. b3 Bf5 4. Bb2 e6 5. g3 Nd7 6. Bg2 Ngf6 7. 0-0 Bd6 8. d3 Qe7 9. Nbd2 h6 10. e4 dxc4 11. dxc4 Bg4 12. Qc2 e5 13. a3 0-0 14. h3 Bxf3 15. Bxf3 a5 16. Rfd1 Rfd8 17. Nf1 Bc5 18. Qe2 Nf8 19. Rxd8 Rxd8 20. Ne3 Bxe3 21. Qxe3 N6d7 22. Rd1 Ne6 23. Bg4 f6 24. b4 axb4 25. axb4 Ndf8 26. Rxd8 Qxd8 27. Bc3 b6 28. Kg2 c5 29. h4 Nd4 30. Qd3 Qa8 31. Bxd4 exd4 32. Kh3 Qa1 33. Bd1 Qc3 34. Qxc3 dxc3 35. b5 Ne6 36. Kg4 Nd4 37. f4 c2 0-1